<?xml version="1.0" encoding="UTF-8"?>
<record
    xmlns:xsi="http://www.w3.org/2001/XMLSchema-instance"
    xsi:schemaLocation="http://www.loc.gov/MARC21/slim http://www.loc.gov/standards/marcxml/schema/MARC21slim.xsd"
    xmlns="http://www.loc.gov/MARC21/slim">

  <leader>05705nam a22011297a 4500</leader>
  <controlfield tag="003">PE-LiUPU</controlfield>
  <controlfield tag="005">20260324091849.0</controlfield>
  <controlfield tag="008">230927b        |||||||| |||| 00| 0 spa d</controlfield>
  <datafield tag="020" ind1=" " ind2=" ">
    <subfield code="a">9786124799792</subfield>
  </datafield>
  <datafield tag="040" ind1=" " ind2=" ">
    <subfield code="a">PE-LiUPU</subfield>
    <subfield code="b">spa</subfield>
    <subfield code="c">PE-LiUPU</subfield>
    <subfield code="e">rda</subfield>
  </datafield>
  <datafield tag="082" ind1=" " ind2=" ">
    <subfield code="2">23</subfield>
    <subfield code="a">340.7</subfield>
    <subfield code="b">S687m</subfield>
  </datafield>
  <datafield tag="100" ind1=" " ind2=" ">
    <subfield code="a">Sol&#xED;s Espinoza, Alejandro.</subfield>
    <subfield code="9">2703</subfield>
    <subfield code="e">autor.</subfield>
  </datafield>
  <datafield tag="245" ind1=" " ind2=" ">
    <subfield code="a">Metodolog&#xED;a de la investigaci&#xF3;n jur&#xED;dico social /</subfield>
    <subfield code="c">Alejandro Sol&#xED;s Espinoza.</subfield>
  </datafield>
  <datafield tag="250" ind1=" " ind2=" ">
    <subfield code="a">Cuarta edici&#xF3;n</subfield>
  </datafield>
  <datafield tag="264" ind1=" " ind2=" ">
    <subfield code="a">Lima :</subfield>
    <subfield code="b">San Bernardo Libros Jur&#xED;dicos EIRL.,</subfield>
    <subfield code="c">2022.</subfield>
  </datafield>
  <datafield tag="300" ind1=" " ind2=" ">
    <subfield code="a">359 p&#xE1;ginas :</subfield>
    <subfield code="b">Ilustraciones, diagramas,</subfield>
    <subfield code="c">21 cent&#xED;metros.</subfield>
  </datafield>
  <datafield tag="504" ind1=" " ind2=" ">
    <subfield code="a">Incluye referencias bibliogr&#xE1;ficas.</subfield>
  </datafield>
  <datafield tag="505" ind1=" " ind2=" ">
    <subfield code="a">El conocimiento y la ciencia -- El conocimiento y sus niveles -- El conocimiento -- Niveles del conocimiento -- La ciencia y el derecho -- Noci&#xF3;n y clasificaci&#xF3;n de la ciencia -- Caracter&#xED;sticas de la ciencia -- Teor&#xED;a y ley cient&#xED;fica -- &#xBF;Es ciencia el conocimiento jur&#xED;dico? -- Referencias bibliogr&#xE1;ficas -- La investigaci&#xF3;n cient&#xED;fica y sus m&#xE9;todos -- Investigaci&#xF3;n y objeto del saber cient&#xED;fico -- La investigaci&#xF3;n cient&#xED;fica -- Objeto del conocimiento cient&#xED;fico -- Objeto de la investigaci&#xF3;n jur&#xED;dica -- La investigaci&#xF3;n jur&#xED;dico-normativa -- La investigaci&#xF3;n jur&#xED;dico-social -- Investigaci&#xF3;n criminol&#xF3;gica y penitenciaria -- Los m&#xE9;todos -- Nociones de m&#xE9;todo -- Los m&#xE9;todos de aprendizaje o estudio -- M&#xE9;todos y t&#xE9;cnicas de ense&#xF1;anza -- M&#xE9;todos y t&#xE9;cnicas de investigaci&#xF3;n cient&#xED;fica -- Nociones de m&#xE9;todo cient&#xED;fico -- M&#xE9;todo cient&#xED;fico como estrategia general de investigaci&#xF3;n -- M&#xE9;todos y t&#xE9;cnicas de recolecci&#xF3;n, tratamiento e interpretaci&#xF3;n de datos -- Referencias bibliogr&#xE1;ficas -- Tipos de investigaci&#xF3;n cient&#xED;fica -- La investigaci&#xF3;n pura y la investigaci&#xF3;n aplicada -- La investigaci&#xF3;n cient&#xED;fica aplicada o tecnol&#xF3;gica -- La investigaci&#xF3;n cient&#xED;fica pura -- Clases de investigaci&#xF3;n seg&#xFA;n los m&#xE9;todos o perspectivas de estudio -- Dise&#xF1;os cuantitativos de investigaci&#xF3;n -- Investigaci&#xF3;n exploratoria o formulativa -- Investigaci&#xF3;n descriptiva u observacional -- Investigaci&#xF3;n o estudio causal-comparativo -- Investigaci&#xF3;n experimental -- Referencias bibliogr&#xE1;ficas -- Fases o etapas de la investigaci&#xF3;n cient&#xED;fica -- El proceso de la investigaci&#xF3;n y sus etapas -- Delimitaci&#xF3;n del tema y el problema de investigaci&#xF3;n -- El tema de la investigaci&#xF3;n -- Delimitaci&#xF3;n del problema -- Objetivos de la investigaci&#xF3;n -- El marco te&#xF3;rico -- Fuentes del marco te&#xF3;rico -- Partes del marco te&#xF3;rico -- Organizaci&#xF3;n del marco te&#xF3;rico -- Hip&#xF3;tesis y variables -- Concepto, fuentes y clases de hip&#xF3;tesis -- Las variables -- El universo y la muestra -- Poblaci&#xF3;n o universo y unidad de an&#xE1;lisis -- Muestra y muestreo -- Selecci&#xF3;n de t&#xE9;cnicas para el recojo de datos -- Datos y fuentes -- T&#xE9;cnica de la observaci&#xF3;n -- La encuesta (y el cuestionario) -- La entrevista -- Entrevista de grupo o grupo de discusi&#xF3;n -- Escalas -- Recopilaci&#xF3;n o an&#xE1;lisis documental -- Otras t&#xE9;cnicas -- Recogida de datos y procesamiento de la informaci&#xF3;n -- Recogida de datos -- Procesamiento o elaboraci&#xF3;n de la informaci&#xF3;n recogida -- An&#xE1;lisis e interpretaci&#xF3;n de los datos -- An&#xE1;lisis de los datos -- Interpretaci&#xF3;n de los datos -- Referencias bibliogr&#xE1;ficas -- El informe de la investigaci&#xF3;n -- Criterios generales -- Recomendaciones previas a la elaboraci&#xF3;n del informe -- Forma de presentaci&#xF3;n del informe -- Informe para revistas o eventos -- Propuesta de Selltiz -- Esquema de la APA -- Modelo seguido por Arias Galicia -- Informe en forma de tesis o libros -- Modelo adoptado por Best -- Modelo de Borg y Gall -- Modelo seguido por Pick y L&#xF3;pez -- Modelo propuesto por Hern&#xE1;ndez, Fern&#xE1;ndez y Baptista -- Gu&#xED;a de un informe de tesis.</subfield>
  </datafield>
  <datafield tag="526" ind1=" " ind2=" ">
    <subfield code="a">P202</subfield>
  </datafield>
  <datafield tag="526" ind1=" " ind2=" ">
    <subfield code="a">P201</subfield>
  </datafield>
  <datafield tag="526" ind1=" " ind2=" ">
    <subfield code="a">P163</subfield>
  </datafield>
  <datafield tag="526" ind1=" " ind2=" ">
    <subfield code="a">P162</subfield>
  </datafield>
  <datafield tag="526" ind1=" " ind2=" ">
    <subfield code="a">P161</subfield>
  </datafield>
  <datafield tag="526" ind1=" " ind2=" ">
    <subfield code="a">P160</subfield>
  </datafield>
  <datafield tag="526" ind1=" " ind2=" ">
    <subfield code="a">P148</subfield>
  </datafield>
  <datafield tag="526" ind1=" " ind2=" ">
    <subfield code="a">P147</subfield>
  </datafield>
  <datafield tag="526" ind1=" " ind2=" ">
    <subfield code="a">P146</subfield>
  </datafield>
  <datafield tag="526" ind1=" " ind2=" ">
    <subfield code="a">P145</subfield>
  </datafield>
  <datafield tag="526" ind1=" " ind2=" ">
    <subfield code="a">P144</subfield>
  </datafield>
  <datafield tag="526" ind1=" " ind2=" ">
    <subfield code="a">P143</subfield>
  </datafield>
  <datafield tag="526" ind1=" " ind2=" ">
    <subfield code="a">P142</subfield>
  </datafield>
  <datafield tag="526" ind1=" " ind2=" ">
    <subfield code="a">P141</subfield>
  </datafield>
  <datafield tag="526" ind1=" " ind2=" ">
    <subfield code="a">P140</subfield>
  </datafield>
  <datafield tag="526" ind1=" " ind2=" ">
    <subfield code="a">P139</subfield>
  </datafield>
  <datafield tag="526" ind1=" " ind2=" ">
    <subfield code="a">P138</subfield>
  </datafield>
  <datafield tag="526" ind1=" " ind2=" ">
    <subfield code="a">P137</subfield>
  </datafield>
  <datafield tag="526" ind1=" " ind2=" ">
    <subfield code="a">P136</subfield>
  </datafield>
  <datafield tag="526" ind1=" " ind2=" ">
    <subfield code="a">P135</subfield>
  </datafield>
  <datafield tag="526" ind1=" " ind2=" ">
    <subfield code="a">P134</subfield>
  </datafield>
  <datafield tag="526" ind1=" " ind2=" ">
    <subfield code="a">P133</subfield>
  </datafield>
  <datafield tag="526" ind1=" " ind2=" ">
    <subfield code="a">P129</subfield>
  </datafield>
  <datafield tag="526" ind1=" " ind2=" ">
    <subfield code="a">P128</subfield>
  </datafield>
  <datafield tag="526" ind1=" " ind2=" ">
    <subfield code="a">P127</subfield>
  </datafield>
  <datafield tag="526" ind1=" " ind2=" ">
    <subfield code="a">P120</subfield>
  </datafield>
  <datafield tag="526" ind1=" " ind2=" ">
    <subfield code="a">P119</subfield>
  </datafield>
  <datafield tag="526" ind1=" " ind2=" ">
    <subfield code="a">P118</subfield>
  </datafield>
  <datafield tag="526" ind1=" " ind2=" ">
    <subfield code="a">P116</subfield>
  </datafield>
  <datafield tag="526" ind1=" " ind2=" ">
    <subfield code="a">P115</subfield>
  </datafield>
  <datafield tag="526" ind1=" " ind2=" ">
    <subfield code="a">P114</subfield>
  </datafield>
  <datafield tag="526" ind1=" " ind2=" ">
    <subfield code="a">P110</subfield>
  </datafield>
  <datafield tag="526" ind1=" " ind2=" ">
    <subfield code="a">P109</subfield>
  </datafield>
  <datafield tag="526" ind1=" " ind2=" ">
    <subfield code="a">P108</subfield>
  </datafield>
  <datafield tag="526" ind1=" " ind2=" ">
    <subfield code="a">P104</subfield>
  </datafield>
  <datafield tag="526" ind1=" " ind2=" ">
    <subfield code="a">P103</subfield>
  </datafield>
  <datafield tag="526" ind1=" " ind2=" ">
    <subfield code="a">P102</subfield>
  </datafield>
  <datafield tag="526" ind1=" " ind2=" ">
    <subfield code="a">P99</subfield>
  </datafield>
  <datafield tag="526" ind1=" " ind2=" ">
    <subfield code="a">P98</subfield>
  </datafield>
  <datafield tag="526" ind1=" " ind2=" ">
    <subfield code="a">P97</subfield>
  </datafield>
  <datafield tag="526" ind1=" " ind2=" ">
    <subfield code="a">P96</subfield>
  </datafield>
  <datafield tag="526" ind1=" " ind2=" ">
    <subfield code="a">P95</subfield>
  </datafield>
  <datafield tag="526" ind1=" " ind2=" ">
    <subfield code="a">P93</subfield>
  </datafield>
  <datafield tag="526" ind1=" " ind2=" ">
    <subfield code="a">P90</subfield>
  </datafield>
  <datafield tag="526" ind1=" " ind2=" ">
    <subfield code="a">P89</subfield>
  </datafield>
  <datafield tag="526" ind1=" " ind2=" ">
    <subfield code="a">P88</subfield>
  </datafield>
  <datafield tag="526" ind1=" " ind2=" ">
    <subfield code="a">P83</subfield>
  </datafield>
  <datafield tag="526" ind1=" " ind2=" ">
    <subfield code="a">P82</subfield>
  </datafield>
  <datafield tag="526" ind1=" " ind2=" ">
    <subfield code="a">P62</subfield>
  </datafield>
  <datafield tag="526" ind1=" " ind2=" ">
    <subfield code="a">P59</subfield>
  </datafield>
  <datafield tag="526" ind1=" " ind2=" ">
    <subfield code="a">P58</subfield>
  </datafield>
  <datafield tag="526" ind1=" " ind2=" ">
    <subfield code="a">P57</subfield>
  </datafield>
  <datafield tag="526" ind1=" " ind2=" ">
    <subfield code="a">P51</subfield>
  </datafield>
  <datafield tag="526" ind1=" " ind2=" ">
    <subfield code="a">P49</subfield>
  </datafield>
  <datafield tag="526" ind1=" " ind2=" ">
    <subfield code="a">P48</subfield>
  </datafield>
  <datafield tag="526" ind1=" " ind2=" ">
    <subfield code="a">P47</subfield>
  </datafield>
  <datafield tag="526" ind1=" " ind2=" ">
    <subfield code="a">P29</subfield>
  </datafield>
  <datafield tag="526" ind1=" " ind2=" ">
    <subfield code="a">P24</subfield>
  </datafield>
  <datafield tag="526" ind1=" " ind2=" ">
    <subfield code="a">P20</subfield>
  </datafield>
  <datafield tag="526" ind1=" " ind2=" ">
    <subfield code="a">P19</subfield>
  </datafield>
  <datafield tag="526" ind1=" " ind2=" ">
    <subfield code="a">P17</subfield>
  </datafield>
  <datafield tag="526" ind1=" " ind2=" ">
    <subfield code="a">P15</subfield>
  </datafield>
  <datafield tag="526" ind1=" " ind2=" ">
    <subfield code="a">P14</subfield>
  </datafield>
  <datafield tag="526" ind1=" " ind2=" ">
    <subfield code="a">P12</subfield>
  </datafield>
  <datafield tag="526" ind1=" " ind2=" ">
    <subfield code="a">P10</subfield>
  </datafield>
  <datafield tag="526" ind1=" " ind2=" ">
    <subfield code="a">P09</subfield>
  </datafield>
  <datafield tag="526" ind1=" " ind2=" ">
    <subfield code="a">P08</subfield>
  </datafield>
  <datafield tag="526" ind1=" " ind2=" ">
    <subfield code="a">P07</subfield>
  </datafield>
  <datafield tag="526" ind1=" " ind2=" ">
    <subfield code="a">P06</subfield>
  </datafield>
  <datafield tag="526" ind1=" " ind2=" ">
    <subfield code="a">P05</subfield>
  </datafield>
  <datafield tag="526" ind1=" " ind2=" ">
    <subfield code="a">P04</subfield>
  </datafield>
  <datafield tag="526" ind1=" " ind2=" ">
    <subfield code="a">P01</subfield>
  </datafield>
  <datafield tag="556" ind1=" " ind2=" ">
    <subfield code="a">E001-106-10444184961
</subfield>
    <subfield code="z">9786124799792
</subfield>
  </datafield>
  <datafield tag="650" ind1="1" ind2="4">
    <subfield code="a">Derecho</subfield>
    <subfield code="x">Investigaci&#xF3;n.</subfield>
    <subfield code="9">2704</subfield>
  </datafield>
  <datafield tag="650" ind1="2" ind2="4">
    <subfield code="a">Ciencias sociales</subfield>
    <subfield code="x">Investigaci&#xF3;n</subfield>
    <subfield code="x">Metodolog&#xED;a.</subfield>
    <subfield code="9">2705</subfield>
  </datafield>
  <datafield tag="942" ind1=" " ind2=" ">
    <subfield code="2">ddc</subfield>
    <subfield code="c">BK</subfield>
    <subfield code="n">0</subfield>
  </datafield>
  <datafield tag="980" ind1=" " ind2=" ">
    <subfield code="6">21515</subfield>
    <subfield code="a">DIGNA BRA&#xD1;ES Analista Documental</subfield>
    <subfield code="8">18226</subfield>
    <subfield code="g">Jaime Vilcaz&#xE1;n Jefe de An&#xE1;lisis Documental</subfield>
  </datafield>
  <datafield tag="999" ind1=" " ind2=" ">
    <subfield code="c">62006</subfield>
    <subfield code="d">62006</subfield>
  </datafield>
  <datafield tag="952" ind1=" " ind2=" ">
    <subfield code="r">2025-12-02 00:00:00</subfield>
    <subfield code="l">0</subfield>
    <subfield code="o">340.7 S687m</subfield>
    <subfield code="p">81655</subfield>
    <subfield code="t">e1</subfield>
    <subfield code="v">19.77</subfield>
    <subfield code="w">2023-09-27</subfield>
    <subfield code="x">FACIHED</subfield>
    <subfield code="y">BK</subfield>
    <subfield code="z">inventario-2023-12-13</subfield>
    <subfield code="1">0</subfield>
    <subfield code="2">ddc</subfield>
    <subfield code="5">0</subfield>
    <subfield code="7">0</subfield>
    <subfield code="8">GEN</subfield>
    <subfield code="f">P143</subfield>
    <subfield code="a">BUL</subfield>
    <subfield code="b">BUL</subfield>
    <subfield code="c">GEN</subfield>
    <subfield code="d">2023-09-24</subfield>
    <subfield code="e">Compra</subfield>
    <subfield code="g">56.00</subfield>
  </datafield>
</record>
